| 000 | 00981nas a2200301 4500 | ||
|---|---|---|---|
| 001 | BR2013006335 | ||
| 003 | BR-BrBNA | ||
| 005 | 20231205122758.0 | ||
| 007 | ta | ||
| 008 | 230509b bl.|||p| |||| 00| 00por d | ||
| 040 |
_aBR-BrBNA _bpor _cBiblioteca Nacional de Agricultura |
||
| 041 | _a(Pt) | ||
| 072 | _aP40; U10 | ||
| 100 | 1 | _aWanderley, H.S. | |
| 100 | 1 | _aSediyama, G.C. | |
| 100 | 1 | _aJustino, F.B. | |
| 100 | 1 | _aAlencar, L.P. de | |
| 100 | 1 | _aDelgado, R.C. | |
| 245 | 1 | _aVariabilidade da precipitação no Sertão do São Francisco, estado de Alagoas | |
| 650 | _aCLIMATOLOGIA | ||
| 650 | _aPLUVIOMETRIA | ||
| 650 | _aPRECIPITAÇÃO PLUVIAL | ||
| 650 | _aANÁLISE ESTATÍSTICA | ||
| 773 | 0 |
_tRevista Brasileira de Engenharia Agrícola e Ambiental (Brazil) _xISSN 1807-1929 _g(Jul 2013), v. 17(7) p. 790-795 _wBR2013006335 |
|
| 856 | 4 | 0 | _uhttp://www.scielo.br/pdf/rbeaa/v17n7/a14v17n7.pdf |
| 909 |
_a202311 _bLúcia _c55 _dLúcia Elande |
||
| 942 |
_2AGRIS _n0 _cANA |
||
| 999 |
_c230513 _d230513 |
||